[Event "Team Hungary-Russia Women Deaf"]
[Site "Dresden"]
[Date "2018.10.17"]
[Round "3.3"]
[White "Kajtár, Dóra"]
[Black "Kireeva, Ljubov"]
[Result "0-1"]
[TotalPlyCount "152"]
[HashCode "ad2f5629"]
[WhiteElo "1591"]
[BlackElo "1920"]
[Annotator "Rnd./Pair./Board: 03.003.03"]
[PlyCount "152"]

1. d4 f5 2. Nc3 Nf6 3. Bg5 g6 4. Qd2 Bg7 5. Bh6 O-O 6. O-O-O c6 7. f3 d5 8. Nh3 Nh5 9. Bxg7 Kxg7 10. Nf2 Nd7 11. e4 fxe4 12. fxe4 Ndf6 13. Be2 dxe4 14. g4 Nf4 15. Ncxe4 Nxe4 16. Nxe4 Qd5 17. Nc3 Qg2 18. Rdg1 Nxe2+ 19. Nxe2 Qf3 20. h3 Be6 21. Nc3 Bc4 22. Re1 e6 23. b3 Bd5 24. Nxd5 exd5 25. Re7+ Rf7 26. Rhe1 Qxh3 27. Qf4 Rf8 28. Rf1 Qxf1+ 29. Qxf1 Rxe7 30. Qh3 h6 31. Qh4 g5 32. Qg3 Rf4 33. c3 Ree4 34. Kd2 b6 35. b4 b5 36. Kd3 h5 37. gxh5 Kh6 38. a4 a6 39. axb5 axb5 40. Qh3 g4 41. Qg3 Kxh5 42. Qh2+ Kg5 43. Qh8 Rf6 44. Qg8+ Kf4 45. Qh8 Ree6 46. Qh4 Kf3 47. Qh1+ Kg3 48. Qg1+ Kh4 49. Qh2+ Kg5 50. Qd2+ Rf4 51. Qh2 Ree4 52. Qh8 Rf6 53. Qg8+ Kf4 54. Qg7 Ree6 55. Qc7+ Rd6 56. Qe7 g3 57. Qe2 Rde6 58. Qf1+ Kg4 59. Qh1 Rf2 60. Qh7 Rf5 61. Qg8+ Kf3 62. Qxe6 Rf4 63. Kc2 g2 64. Qh3+ Kf2 65. Qh2 Re4 66. Kd2 Rg4 67. Kd1 Rg3 68. Kd2 Kf3 69. Qh5+ Rg4 70. Qf5+ Rf4 71. Qh3+ Kf2 72. Qh2 Kf1 73. Qh5 Rf2+ 74. Ke3 g1=Q 75. Qd1+ Kg2 76. Qg4+ Kh1 0-1

[Event "Team Hungary-Russia Women Deaf"]
[Site "Dresden"]
[Date "2018.10.17"]
[Round "3.4"]
[White "Panina, Valeria"]
[Black "Cseke, Viktória"]
[Result "0-1"]
[TotalPlyCount "98"]
[HashCode "1853069d"]
[WhiteElo "1743"]
[BlackElo "1405"]
[Annotator "Rnd./Pair./Board: 03.003.04"]
[PlyCount "98"]

1. e4 d6 2. d4 Nf6 3. Nc3 g6 4. h3 Bg7 5. Bg5 h6 6. Be3 O-O 7. Qd2 Kh7 8. f4 Nc6 9. Nf3 Nh5 10. Qf2 e5 11. fxe5 dxe5 12. d5 Nd4 13. O-O-O Nxf3 14. Qxf3 f5 15. Rg1 Qe7 16. a3 a5 17. Nb5 fxe4 18. Qxe4 Nf6 19. Qh4 Rd8 20. Bc4 c6 21. d6 Qd7 22. Nc7 c5 23. Nxa8 b5 24. Be2 Qc6 25. Nc7 c4 26. Bxh6 Bxh6+ 27. Kb1 g5 28. Qg3 Qc5 29. Rgf1 Kg6 30. Qf3 Rf8 31. Qc3 Ne4 32. Bd3 cxd3 33. Qxd3 Rxf1 34. Rxf1 Qc4 35. Rd1 Qxd3 36. Rxd3 Bd7 37. g4 Bf8 38. Rd5 Kf6 39. Nxb5 Nf2 40. c4 e4 41. Rf5+ Bxf5 42. gxf5 Kxf5 43. Nd4+ Ke5 44. d7 Be7 45. c5 Kxd4 46. c6 Bd8 47. b4 axb4 48. axb4 Kc4 49. Kc2 Nxh3 0-1

[Event "DGSV 1920 e.V.-Youth Chess Team Russia"]
[Site "Dresden"]
[Date "2018.10.17"]
[Round "3.1"]
[White "Gruender, Michael"]
[Black "Arnhold, Steffi"]
[Result "1/2-1/2"]
[TotalPlyCount "71"]
[HashCode "2e07d706"]
[WhiteElo "1941"]
[BlackElo "1955"]
[Annotator "Rnd./Pair./Board: 03.004.01"]
[PlyCount "71"]

1. Nf3 d5 2. c4 c6 3. g3 Bg4 4. cxd5 cxd5 5. Bg2 Nf6 6. Ne5 Be6 7. d4 g6 8. Nc3 Bg7 9. Qa4+ Nbd7 10. O-O O-O 11. Nd3 Bf5 12. Rd1 Re8 13. Bf4 a6 14. Qb3 Bxd3 15. Rxd3 Nb6 16. a4 e6 17. Rdd1 Nc4 18. e4 Na5 19. Qa2 Nxe4 20. Nxe4 dxe4 21. Bxe4 Qb6 22. b4 Qxb4 23. Rab1 Qe7 24. Bd2 Nc6 25. Bxc6 bxc6 26. Qc4 Qd7 27. Be3 Qd5 28. Rdc1 Red8 29. Qxc6 Bxd4 30. Rb7 Bxe3 31. fxe3 Qd2 32. Rf1 Qxe3+ 33. Kh1 Rf8 34. Rbxf7 Rxf7 35. Qxa8+ Kg7 36. Rxf7+ 1/2-1/2

[Event "DGSV 1920 e.V.-Youth Chess Team Russia"]
[Site "Dresden"]
[Date "2018.10.17"]
[Round "3.2"]
[White "Klemke, Kassandra"]
[Black "Hoffmann, Rainer"]
[Result "0-1"]
[TotalPlyCount "78"]
[HashCode "ba2e94f9"]
[WhiteElo "1640"]
[BlackElo "1917"]
[Annotator "Rnd./Pair./Board: 03.004.02"]
[PlyCount "78"]

1. e4 c5 2. Nf3 Nc6 3. d4 cxd4 4. Nxd4 Nf6 5. Nc3 d6 6. Be3 Ng4 7. Nxc6 bxc6 8. Qd2 Nxe3 9. Qxe3 Qb6 10. Qxb6 axb6 11. Bd3 g6 12. Ne2 Bg7 13. c3 O-O 14. O-O Bd7 15. Rfd1 Ra5 16. a3 Rfa8 17. Nd4 c5 18. Nc2 Be6 19. Ne3 b5 20. Rab1 R8a7 21. Nd5 f5 22. b4 Rxa3 23. bxc5 Bxc3 24. Nxc3 Rxc3 25. exf5 Rxd3 26. fxe6 Rxd1+ 27. Rxd1 dxc5 28. Kf1 Kg7 29. Rd7 Ra1+ 30. Ke2 Kf6 31. Rc7 c4 32. Rc6 Ra3 33. Rb6 Rb3 34. g3 c3 35. Kd3 b4 36. Rc6 Rb2 37. Ke3 g5 38. h3 c2 39. Kd2 b3 0-1

[Event "DGSV 1920 e.V.-Youth Chess Team Russia"]
[Site "Dresden"]
[Date "2018.10.17"]
[Round "3.3"]
[White "Krause, Stefan"]
[Black "Khayrullin, Danil"]
[Result "0-1"]
[TotalPlyCount "64"]
[HashCode "4f78adcb"]
[WhiteElo "1944"]
[BlackElo "1328"]
[Annotator "Rnd./Pair./Board: 03.004.03"]
[PlyCount "64"]

1. d4 d5 2. c4 Nf6 3. cxd5 Nxd5 4. e4 Nb6 5. Nc3 e6 6. Nf3 Bb4 7. a3 Be7 8. Be2 N8d7 9. Be3 Nf6 10. h3 Bd7 11. Ne5 Rc8 12. b4 c6 13. O-O O-O 14. Qd2 Ne8 15. Rad1 Nd6 16. f3 f6 17. Nxd7 Qxd7 18. Qa2 Kh8 19. Qb3 f5 20. d5 exd5 21. exd5 cxd5 22. Nxd5 Nxd5 23. Rxd5 b6 24. Bf4 Qe6 25. Qd3 Rfd8 26. Rd1 Nb7 27. Qxf5 Qxe2 28. Rxd8+ Rxd8 29. Rxd8+ Nxd8 30. Qd7 h6 31. Bc7 Qe1+ 32. Kh2 Qh4 0-1

[Event "DGSV 1920 e.V.-Youth Chess Team Russia"]
[Site "Dresden"]
[Date "2018.10.17"]
[Round "3.4"]
[White "Sergeeva, Anna"]
[Black "Krabbe, Wolfgang"]
[Result "0-1"]
[TotalPlyCount "64"]
[HashCode "5a1faf3c"]
[WhiteElo "1469"]
[BlackElo "1831"]
[Annotator "Rnd./Pair./Board: 03.004.04"]
[PlyCount "64"]

1. d4 d5 2. c4 e6 3. Nc3 Nf6 4. Bg5 Nbd7 5. e3 c6 6. Nf3 Be7 7. Be2 dxc4 8. Bxc4 b5 9. Bd3 a6 10. O-O c5 11. dxc5 Nxc5 12. Bc2 Bb7 13. Qe2 O-O 14. Rfd1 Qb6 15. a3 Rfd8 16. b4 Ncd7 17. e4 Qc7 18. Na2 h6 19. Bh4 Rac8 20. Rac1 Ne5 21. Bb3 Nxf3+ 22. Qxf3 Qe5 23. Nc3 Rxd1+ 24. Bxd1 Bxe4 25. Bg3 Qd4 26. Qe3 Qxe3 27. fxe3 Nd5 28. Na2 Rxc1 29. Nxc1 Nxe3 30. Be2 Nc2 31. Nb3 Nxa3 32. Be1 Nc2 0-1

[Event "IPCA Russia-Deaf Poland"]
[Site "Dresden"]
[Date "2018.10.18"]
[Round "4.1"]
[White "Obodchuk, Andrei"]
[Black "Strzelecki, Jerzy"]
[Result "1-0"]
[TotalPlyCount "95"]
[HashCode "0069c841"]
[WhiteElo "2323"]
[BlackElo "2011"]
[Annotator "Rnd./Pair./Board: 04.001.01"]
[PlyCount "95"]

1. e4 e6 2. d4 d5 3. Nc3 Nf6 4. e5 Nfd7 5. f4 c5 6. Nf3 Nc6 7. Be3 a6 8. Qd2 b5 9. a3 Bb7 10. g3 Be7 11. Bh3 cxd4 12. Nxd4 Nc5 13. Qf2 Nxd4 14. Bxd4 Qc7 15. O-O O-O 16. Qe3 Qc6 17. Bg2 Rad8 18. g4 g6 19. Kh1 Rfe8 20. f5 Ne4 21. Nxe4 dxe4 22. c3 Rd7 23. Rf2 Bf8 24. Re1 a5 25. Bxe4 Qxe4+ 26. Qxe4 Bxe4+ 27. Rxe4 a4 28. Kg2 Rc8 29. Kf3 Rc4 30. Be3 exf5 31. gxf5 Rd3 32. Rxc4 bxc4 33. fxg6 fxg6 34. Rd2 Rxe3+ 35. Kxe3 Bh6+ 36. Ke2 Bxd2 37. Kxd2 Kf7 38. Ke3 g5 39. Kd4 Ke6 40. Kxc4 Kxe5 41. Kb5 h5 42. c4 g4 43. c5 h4 44. c6 g3 45. hxg3 hxg3 46. c7 g2 47. c8=Q g1=Q 48. Qc5+ 1-0

[Event "IPCA Russia-Deaf Poland"]
[Site "Dresden"]
[Date "2018.10.18"]
[Round "4.2"]
[White "Cwiek, Mariusz"]
[Black "Scerbin, Dmitrij"]
[Result "0-1"]
[TotalPlyCount "84"]
[HashCode "6c1060a3"]
[WhiteElo "1974"]
[BlackElo "2264"]
[Annotator "Rnd./Pair./Board: 04.001.02"]
[PlyCount "84"]

1. e4 c5 2. Nc3 a6 3. a4 e6 4. g3 d5 5. d3 dxe4 6. dxe4 Qxd1+ 7. Nxd1 Bd7 8. Bg2 Bc6 9. Ne2 Nd7 10. O-O Ngf6 11. f3 Be7 12. b3 O-O 13. Bb2 b5 14. axb5 axb5 15. Ne3 Nb6 16. Rxa8 Rxa8 17. Ra1 Rc8 18. Bf1 Nfd7 19. c4 bxc4 20. Nxc4 Nxc4 21. bxc4 Rb8 22. Bc3 Rb3 23. Ra7 Bd8 24. Kf2 Nb6 25. Ra5 Nxc4 26. Ra6 Bb7 27. Ra7 Nd6 28. Ba5 Bf6 29. Bc7 Ne8 30. Bf4 c4 31. e5 Be7 32. Nd4 Bc5 33. Be3 Bxa7 34. Nxb3 Bxe3+ 35. Kxe3 cxb3 36. f4 Nc7 37. Kd2 Ba6 38. Bg2 Nb5 39. Be4 g6 40. Kc1 Nc3 41. Bf3 Na4 42. Bc6 b2+ 0-1

[Event "IPCA Russia-Deaf Poland"]
[Site "Dresden"]
[Date "2018.10.18"]
[Round "4.3"]
[White "Palin, Denis"]
[Black "Marczukiewicz, Jerzy"]
[Result "1-0"]
[TotalPlyCount "135"]
[HashCode "35ab5711"]
[WhiteElo "2133"]
[BlackElo "1929"]
[Annotator "Rnd./Pair./Board: 04.001.03"]
[PlyCount "135"]

1. d4 d5 2. Nf3 Nf6 3. e3 c5 4. b3 Nc6 5. Bb2 cxd4 6. exd4 Bg4 7. Be2 e6 8. Ne5 Bxe2 9. Qxe2 Bb4+ 10. c3 Bd6 11. Nd2 O-O 12. O-O Qc7 13. f4 Ne7 14. Rf3 h5 15. Rh3 Nf5 16. Ndf3 Rae8 17. Ng5 g6 18. Kh1 Kg7 19. c4 Nh6 20. c5 Bxe5 21. fxe5 Nfg4 22. Rf3 Nf5 23. h3 Qe7 24. Qd2 Nge3 25. Rxe3 Qxg5 26. Rd3 Qxd2 27. Rxd2 h4 28. Ba3 f6 29. c6 Rf7 30. exf6+ Kxf6 31. cxb7 Rxb7 32. Rc1 Rf7 33. Kg1 Kg5 34. Rf2 Rb8 35. Bc5 Rc7 36. Re1 Re8 37. b4 a6 38. a4 Kf6 39. b5 axb5 40. axb5 Rb7 41. b6 Ra8 42. Rfe2 Re8 43. Ra2 Rd8 44. Ra7 Rdd7 45. Rxb7 Rxb7 46. Ra1 e5 47. Ra7 Rb8 48. dxe5+ Kxe5 49. Rd7 Ke6 50. Rc7 d4 51. b7 Nd6 52. Rc6 Kd5 53. Bxd6 Rxb7 54. Ra6 Rb1+ 55. Kf2 Ke4 56. Ra2 d3 57. Be7 Rc1 58. Bxh4 Rc6 59. Bg5 Kd4 60. g4 Ke4 61. Ra4+ Kd5 62. Ke3 Rc2 63. Kxd3 Rh2 64. h4 Rh3+ 65. Ke2 Rb3 66. Ra6 Rb4 67. Kf3 Rb3+ 68. Be3 1-0

[Event "IPCA Russia-Deaf Poland"]
[Site "Dresden"]
[Date "2018.10.18"]
[Round "4.4"]
[White "Szalko, Maciej"]
[Black "Lipilin, Ilia"]
[Result "0-1"]
[TotalPlyCount "152"]
[HashCode "6b73fb5f"]
[WhiteElo "1868"]
[BlackElo "2070"]
[Annotator "Rnd./Pair./Board: 04.001.04"]
[PlyCount "152"]

1. d4 f5 2. g3 Nf6 3. Bg2 g6 4. Nh3 d6 5. O-O Bg7 6. c3 c6 7. Qb3 e6 8. Nd2 O-O 9. Nf3 Kh8 10. Bd2 Qe7 11. Rad1 e5 12. dxe5 dxe5 13. Qb4 Qxb4 14. cxb4 Be6 15. Nxe5 Bxa2 16. b5 Bd5 17. Bb4 Re8 18. bxc6 bxc6 19. Bxd5 Nxd5 20. Nf7+ Kg8 21. Nd6 Rxe2 22. Rfe1 Rxe1+ 23. Rxe1 Nd7 24. Ba3 Ne5 25. Rc1 Rb8 26. Ng5 Nd3 27. Rxc6 Bd4 28. Nc4 Bxf2+ 29. Kf1 Bb6 30. Rd6 Rd8 31. Nxb6 Rxd6 32. Bxd6 axb6 33. b3 Nc1 34. b4 Na2 35. b5 Nac3 36. Nf3 Nxb5 37. Be5 Nbc7 38. Ne1 Kf7 39. Nd3 Ke6 40. Bb2 Na6 41. Ke2 Nab4 42. Ne5 Nf6 43. Nf3 Ne4 44. Ne5 b5 45. g4 fxg4 46. Nxg4 Nd5 47. Bd4 Kf5 48. Ne5 Ng5 49. Ba1 Ke4 50. Bb2 Ne6 51. Nd7 Nef4+ 52. Kf1 Nd3 53. Ba1 h5 54. Kg2 b4 55. Kg3 b3 56. Kh4 Kf5 57. h3 N5f4 58. Nf8 g5+ 59. Kg3 b2 60. Bxb2 Nxb2 61. Nd7 Nbd3 62. Nb6 Ke4 63. Nc4 Ne2+ 64. Kg2 Kf4 65. Nb6 Nc3 66. Nc4 Nd5 67. Kh2 Ne5 68. Nd6 Ne3 69. Ne8 g4 70. hxg4 hxg4 71. Ng7 g3+ 72. Kh3 g2 73. Ne6+ Kf3 74. Nd4+ Kf2 75. Ne2 Kxe2 76. Kh2 Kf2 0-1

[Event "Niedersachsen-DGSV 1920 e.V."]
[Site "Dresden"]
[Date "2018.10.18"]
[Round "4.1"]
[White "Drewes, Marco"]
[Black "Gruender, Michael"]
[Result "1-0"]
[TotalPlyCount "47"]
[HashCode "f26f40f4"]
[WhiteElo "2009"]
[BlackElo "1941"]
[Annotator "Rnd./Pair./Board: 04.002.01"]
[PlyCount "47"]

1. d4 e6 2. Nf3 Nf6 3. c4 d5 4. Nc3 Be7 5. e3 O-O 6. Bd3 a6 7. cxd5 exd5 8. h3 Nbd7 9. O-O c5 10. b3 Re8 11. Bb2 Bd6 12. Rc1 b5 13. dxc5 Nxc5 14. Bb1 Bb7 15. Ne2 Nce4 16. Ned4 Qd7 17. Qd3 Rac8 18. Rxc8 Rxc8 19. a3 h6 20. Rd1 g5 21. Ne2 Qf5 22. Qd4 Be7 23. Ng3 Qg6 24. Ne5 1-0

[Event "Niedersachsen-DGSV 1920 e.V."]
[Site "Dresden"]
[Date "2018.10.18"]
[Round "4.2"]
[White "Hoffmann, Rainer"]
[Black "Ritter, Uwe"]
[Result "0-1"]
[TotalPlyCount "76"]
[HashCode "c392203c"]
[WhiteElo "1917"]
[BlackElo "2021"]
[Annotator "Rnd./Pair./Board: 04.002.02"]
[PlyCount "76"]

1. c4 c5 2. Nc3 Nf6 3. g3 d5 4. cxd5 Nxd5 5. Bg2 Nc7 6. Nf3 Nc6 7. O-O e5 8. d3 Be7 9. Bd2 O-O 10. Rc1 Be6 11. Ne4 b6 12. a3 h6 13. Bc3 f6 14. Ned2 Qd7 15. Nh4 Kh7 16. f4 Nd5 17. f5 Bf7 18. Qa4 a6 19. Ng6 Bxg6 20. fxg6+ Kh8 21. Qe4 Rad8 22. Nc4 Nxc3 23. bxc3 b5 24. Ne3 Na5 25. Nf5 c4 26. Ra1 Bc5+ 27. Kh1 cxd3 28. e3 Nc4 29. a4 Nd2 30. Qh4 Nxf1 31. Nxh6 gxh6 32. Qxh6+ Kg8 33. Rxf1 Qg7 34. Qh5 Bxe3 35. axb5 axb5 36. Qf5 Rfe8 37. Be4 d2 38. Bc2 d1=Q 0-1

[Event "Niedersachsen-DGSV 1920 e.V."]
[Site "Dresden"]
[Date "2018.10.18"]
[Round "4.3"]
[White "Scheffner, Jarno"]
[Black "Krause, Stefan"]
[Result "1-0"]
[TotalPlyCount "43"]
[HashCode "fa75c81b"]
[WhiteElo "1808"]
[BlackElo "1944"]
[Annotator "Rnd./Pair./Board: 04.002.03"]
[PlyCount "43"]

1. e4 c5 2. Nf3 Nc6 3. d4 cxd4 4. Nxd4 g6 5. c4 Nf6 6. Nc3 Bg7 7. Be3 O-O 8. Be2 d6 9. O-O Bd7 10. Rc1 Qa5 11. Nb3 Qc7 12. f4 Rac8 13. c5 dxc5 14. e5 Ne8 15. Nb5 Qd8 16. Nxc5 Bf5 17. Qb3 Na5 18. Qa3 a6 19. Rfd1 Qb6 20. Nd7 Rxc1 21. Nxb6 Rxd1+ 22. Bxd1 1-0

[Event "Niedersachsen-DGSV 1920 e.V."]
[Site "Dresden"]
[Date "2018.10.18"]
[Round "4.4"]
[White "Usbeck, Karl-Heinz"]
[Black "Kewe, Stefan"]
[Result "1/2-1/2"]
[TotalPlyCount "82"]
[HashCode "888cd1a1"]
[WhiteElo "1638"]
[BlackElo "1861"]
[Annotator "Rnd./Pair./Board: 04.002.04"]
[PlyCount "82"]

1. e4 c5 2. Nc3 Nc6 3. g3 g6 4. Bg2 Bg7 5. d3 d6 6. Be3 e6 7. Qd2 Nd4 8. Nge2 Ne7 9. O-O O-O 10. Nd1 Rb8 11. c3 Nxe2+ 12. Qxe2 Nc6 13. Qd2 Ne5 14. h3 b6 15. f4 Nc6 16. e5 Ne7 17. d4 cxd4 18. cxd4 Nf5 19. Qf2 Ba6 20. Re1 Rc8 21. Nc3 Re8 22. g4 Nxe3 23. Qxe3 Rc7 24. Ne4 d5 25. Nc3 Bb7 26. Rac1 a6 27. Bf1 Bf8 28. Na4 b5 29. Rxc7 Qxc7 30. Nc5 Bxc5 31. dxc5 d4 32. Qxd4 Qc6 33. Rd1 Qh1+ 34. Kf2 Qh2+ 35. Ke1 Bf3 36. Rd2 Qg3+ 37. Qf2 Qxf4 38. Be2 Qxe5 39. Qxf3 Qxc5 40. Qc3 Qg1+ 41. Bf1 e5 1/2-1/2

[Event "Deutschland Jugend-Youth Chess Team Rus"]
[Site "Dresden"]
[Date "2018.10.18"]
[Round "4.4"]
[White "Sergeeva, Anna"]
[Black "Tran, Duc Huy"]
[Result "1/2-1/2"]
[TotalPlyCount "86"]
[HashCode "d581e484"]
[WhiteElo "1469"]
[BlackElo "1456"]
[Annotator "Rnd./Pair./Board: 04.004.04"]
[PlyCount "86"]

1. d4 d5 2. c4 e6 3. Nc3 Nf6 4. Bg5 Be7 5. Nf3 h6 6. Bf4 O-O 7. e3 b6 8. cxd5 Nxd5 9. Nxd5 exd5 10. Rc1 Bb4+ 11. Nd2 Bd6 12. Bxd6 Qxd6 13. Be2 Bb7 14. Bf3 c5 15. dxc5 bxc5 16. O-O Nd7 17. Nb3 Rac8 18. e4 Ne5 19. exd5 Nxf3+ 20. Qxf3 Bxd5 21. Rfd1 Rfd8 22. Qg3 Qb6 23. Qe3 Bxb3 24. Rxd8+ Rxd8 25. axb3 Qb4 26. g3 Rd2 27. Qxc5 Rd1+ 28. Kg2 Qe4+ 29. Kh3 Qe6+ 30. Kg2 Rxc1 31. Qxc1 Qxb3 32. Qe3 Qd5+ 33. Qf3 Qd8 34. Qa3 a5 35. b4 Qd5+ 36. Kh3 Qf5+ 37. g4 Qxf2 38. bxa5 Qf1+ 39. Kg3 Qe1+ 40. Kg2 Qe2+ 41. Kg3 Qe1+ 42. Kg2 Qe2+ 43. Kg3 Qe1+ 1/2-1/2

[Event "Russia Deaf-Team Hungary"]
[Site "Dresden"]
[Date "2018.10.18"]
[Round "4.1"]
[White "Skorobogatykh, Andrey"]
[Black "Szilágyi, Sámuel Attila"]
[Result "1-0"]
[TotalPlyCount "79"]
[HashCode "784076bf"]
[WhiteElo "2160"]
[BlackElo "1905"]
[Annotator "Rnd./Pair./Board: 04.003.01"]
[PlyCount "79"]

1. e4 c6 2. d4 d5 3. exd5 cxd5 4. Bd3 Nc6 5. c3 Nf6 6. Nf3 Bg4 7. O-O e6 8. Re1 Be7 9. Nbd2 O-O 10. Nf1 Re8 11. h3 Bh5 12. g4 Bg6 13. Bxg6 hxg6 14. Ng3 Qc7 15. Ne5 Bd6 16. Qe2 Nd7 17. f4 g5 18. Nh5 gxf4 19. Bxf4 f6 20. Nxd7 Qxd7 21. Bh6 Bf8 22. Be3 e5 23. Qf2 a6 24. Qxf6 exd4 25. Bxd4 Nxd4 26. Qxd4 Qb5 27. Qd2 Rxe1+ 28. Rxe1 Rd8 29. Qg5 Qb6+ 30. Kh1 Qf2 31. Qe3 Qxb2 32. Qe6+ Kh8 33. Nf6 gxf6 34. Qxf6+ Kh7 35. Qh4+ Kg7 36. Qxd8 Qxc3 37. Qg5+ Kh7 38. Qh5+ Kg8 39. Qxd5+ Kh7 40. Qf7+ 1-0

[Event "Russia Deaf-Team Hungary"]
[Site "Dresden"]
[Date "2018.10.18"]
[Round "4.2"]
[White "Rév, Miklós"]
[Black "Smirnov, Andrey"]
[Result "0-1"]
[TotalPlyCount "68"]
[HashCode "5ee3ee24"]
[WhiteElo "2009"]
[BlackElo "2095"]
[Annotator "Rnd./Pair./Board: 04.003.02"]
[PlyCount "68"]

1. e4 c6 2. d4 d5 3. exd5 cxd5 4. c4 Nf6 5. Nc3 g6 6. Qb3 Bg7 7. cxd5 Nbd7 8. Be2 Nb6 9. Bf3 O-O 10. Nge2 Bf5 11. Nf4 Qd7 12. Be3 Rfd8 13. Rd1 g5 14. Nd3 Bxd3 15. Rxd3 g4 16. Be2 Nbxd5 17. O-O Rab8 18. Bg5 Qf5 19. Bxf6 Nxf6 20. h3 gxh3 21. Rxh3 Rxd4 22. Rd1 Rxd1+ 23. Qxd1 Ne4 24. Nxe4 Qxe4 25. Bd3 Rd8 26. Qc2 Qe1+ 27. Kh2 Qe5+ 28. Kg1 Qxb2 29. Bxh7+ Kf8 30. Qxb2 Bxb2 31. Rb3 Be5 32. g3 b6 33. Rd3 Rc8 34. Ra3 a5 0-1

[Event "Russia Deaf-Team Hungary"]
[Site "Dresden"]
[Date "2018.10.18"]
[Round "4.3"]
[White "Kononov, Viktor V."]
[Black "Kajtár, Dóra"]
[Result "1-0"]
[TotalPlyCount "55"]
[HashCode "c8065d66"]
[WhiteElo "2030"]
[BlackElo "1591"]
[Annotator "Rnd./Pair./Board: 04.003.03"]
[PlyCount "55"]

1. d4 e6 2. Nf3 f5 3. c4 d5 4. Nc3 Nf6 5. Bg5 Be7 6. e3 O-O 7. Bd3 c6 8. h4 Ne4 9. Bf4 Nd7 10. g4 Nxc3 11. bxc3 Nf6 12. Ne5 dxc4 13. Bxc4 Ne4 14. gxf5 Rxf5 15. Qb3 Qf8 16. Bxe6+ Bxe6 17. Qxe6+ Kh8 18. Nd7 Qf7 19. Qxe4 Bd6 20. Ne5 Bxe5 21. dxe5 Rd8 22. Rd1 Rxd1+ 23. Kxd1 Qh5+ 24. f3 Rf8 25. Ke2 Qf7 26. e6 Qe8 27. Rd1 Rf6 28. e7 1-0

[Event "Russia Deaf-Team Hungary"]
[Site "Dresden"]
[Date "2018.10.18"]
[Round "4.4"]
[White "Cseke, Viktória"]
[Black "Petrov, Alexey"]
[Result "0-1"]
[TotalPlyCount "100"]
[HashCode "ef294a37"]
[WhiteElo "1405"]
[BlackElo "1970"]
[Annotator "Rnd./Pair./Board: 04.003.04"]
[PlyCount "100"]

1. e4 c5 2. Nf3 Nc6 3. Bb5 g6 4. Nc3 Bg7 5. d3 Nd4 6. Bc4 d6 7. h3 e6 8. Be3 Nc6 9. Qd2 a6 10. a4 Qa5 11. O-O Nd4 12. Nh2 Ne7 13. f4 O-O 14. Qf2 Qb4 15. Rab1 Bd7 16. Bd2 Qb6 17. Qh4 Nec6 18. Ng4 Qd8 19. Qf2 Nxc2 20. Ne2 N2d4 21. Be3 Nxe2+ 22. Qxe2 Nd4 23. Bxd4 Bxd4+ 24. Kh1 Bg7 25. e5 d5 26. Ba2 Bxa4 27. b4 cxb4 28. Rxb4 b5 29. Rc1 a5 30. Rb2 Qe7 31. Bb3 Bxb3 32. Rxb3 b4 33. Qd2 Rfc8 34. Rcb1 h5 35. Ne3 Rc6 36. Kh2 Rac8 37. Qa2 Qa7 38. Qd2 Bf8 39. d4 a4 40. R3b2 b3 41. Ra1 Rc3 42. Nd1 Rc2 43. Qd3 Qd7 44. Rxc2 bxc2 45. Nc3 Bb4 46. Ne2 Qc6 47. Nc1 a3 48. Na2 Qc4 49. Nc1 Qxd3 50. Nxd3 Bd2 0-1

[Event "Deutschland Jugend-Youth Chess Team Rus"]
[Site "Dresden"]
[Date "2018.10.18"]
[Round "4.1"]
[White "Koll, Lukas"]
[Black "Arnhold, Steffi"]
[Result "1-0"]
[TotalPlyCount "70"]
[HashCode "d71e4788"]
[WhiteElo "1985"]
[BlackElo "1955"]
[Annotator "Rnd./Pair./Board: 04.004.01"]
[PlyCount "70"]

1. c4 e5 2. g3 Nf6 3. Bg2 d5 4. cxd5 Nxd5 5. Nc3 c6 6. Nf3 Bd6 7. O-O O-O 8. d4 Nxc3 9. bxc3 e4 10. Nd2 f5 11. Nc4 Bc7 12. Rb1 Be6 13. Ne5 Bxe5 14. dxe5 b6 15. a4 Qd5 16. Qxd5 cxd5 17. f4 Nc6 18. e3 Na5 19. Rf2 Rfc8 20. Rc2 Rc4 21. Bf1 Rc7 22. Ba6 Kf7 23. Kf2 Bc8 24. Be2 Bd7 25. Ra1 Rac8 26. Ra3 Rc5 27. Bd2 Ke6 28. Rb2 R8c7 29. Rb1 Be8 30. g4 g6 31. Rg1 Rd7 32. h3 Nc4 33. Bxc4 dxc4 34. Ke2 Ra5 35. Rga1 fxg4 1-0

[Event "Deutschland Jugend-Youth Chess Team Rus"]
[Site "Dresden"]
[Date "2018.10.18"]
[Round "4.2"]
[White "Klemke, Kassandra"]
[Black "Koll, Linus"]
[Result "0-1"]
[TotalPlyCount "98"]
[HashCode "66d81506"]
[WhiteElo "1640"]
[BlackElo "1976"]
[Annotator "Rnd./Pair./Board: 04.004.02"]
[PlyCount "98"]

1. e4 c5 2. Nf3 Nc6 3. d4 cxd4 4. Nxd4 g6 5. Nc3 Bg7 6. Be3 Nf6 7. Bc4 Qa5 8. O-O O-O 9. Kh1 d6 10. f3 Bd7 11. Qd2 Rac8 12. Bb3 a6 13. Nxc6 Bxc6 14. Bh6 Rfe8 15. Bxg7 Kxg7 16. Rad1 Qc7 17. Nd5 Bxd5 18. exd5 Nd7 19. c3 Nc5 20. Bc2 Qb6 21. Qd4+ Kg8 22. b3 Nd7 23. c4 Qxd4 24. Rxd4 b5 25. Re1 bxc4 26. bxc4 Nb6 27. Bb3 Rc7 28. Rde4 Kf8 29. Kg1 a5 30. a3 Rb8 31. Ba2 Na4 32. R4e3 Rb2 33. Bb3 Nb6 34. R1e2 Rxe2 35. Rxe2 a4 36. Ba2 Rc5 37. Re4 f5 38. Rd4 Kf7 39. Kf2 Rc8 40. Ke3 Nd7 41. Rd2 Nc5 42. Rb2 Kf6 43. Kd4 h5 44. g3 h4 45. Re2 hxg3 46. hxg3 Rh8 47. Ke3 Rh3 48. Kf2 Rh1 49. Rc2 Rh2+ 0-1

[Event "Deutschland Jugend-Youth Chess Team Rus"]
[Site "Dresden"]
[Date "2018.10.18"]
[Round "4.3"]
[White "Tran, Minh Dat"]
[Black "Khayrullin, Danil"]
[Result "0-1"]
[TotalPlyCount "104"]
[HashCode "31d3f86b"]
[WhiteElo "1456"]
[BlackElo "1328"]
[Annotator "Rnd./Pair./Board: 04.004.03"]
[PlyCount "104"]

1. d4 d5 2. c4 Nf6 3. Nc3 Bf5 4. Nf3 e6 5. Bf4 Bd6 6. Bxd6 Qxd6 7. e3 c6 8. c5 Qc7 9. Be2 Nbd7 10. O-O Rg8 11. Bd3 Ne4 12. Qc2 Ndf6 13. b4 Nxc3 14. Bxf5 Nxa2 15. Rxa2 exf5 16. Qxf5 Qd7 17. Qe5+ Qe7 18. Rfa1 a6 19. Qxe7+ Kxe7 20. Ne5 Nd7 21. Nd3 g5 22. Re1 f5 23. Nc1 Kf7 24. Nb3 Nf6 25. Na5 Rab8 26. f3 Rge8 27. Kf2 Re7 28. Rae2 h5 29. Rc1 Ke6 30. h3 Kd7 31. Rec2 Kc7 32. Nb3 h4 33. Nd2 Rbe8 34. Nf1 Nh5 35. Rc3 f4 36. Re1 Ng7 37. Nh2 Nf5 38. Ng4 fxe3+ 39. Nxe3 Nxd4 40. Rd1 Nb5 41. Rcd3 d4 42. Nf5 Re2+ 43. Kf1 Rb2 44. Nxd4 Rxb4 45. Nf5 Rc4 46. Rd7+ Kb8 47. Ne7 Rxc5 48. Rd8+ Rxd8 49. Rxd8+ Kc7 50. Rd2 Nd6 51. Ng6 Nc4 52. Rd3 Ne5 0-1